| 000 | 005230000a22001570004500 | ||
|---|---|---|---|
| 003 | MACL | ||
| 005 | 20171209133640.0 | ||
| 008 | 171209b xxu||||| |||| 00| 0 eng d | ||
| 040 | _cmacl | ||
| 100 |
_aमिश्र,डॉ भगवतीशरण _969629 |
||
| 245 | _aप्रसिध्द पौराणिक कहानियॉ | ||
| 260 |
_b द्रष्िट प्रकाशन _c2011 |
||
| 350 | _a250 | ||
| 650 |
_a चिल्ड्रन बुक, _9159 |
||
| 942 |
_cHIN _k741.642 _2ddc |
||
| 999 |
_c46571 _d46571 |
||